Investiční legendy lekce investování od špičkových fond manažerů

Guardado en:
Detalles Bibliográficos
Autor principal: Chan, Ronald W.
Formato: Libro
Lenguaje:checo
Publicado: Tetčice Impossible 2022
Edición:1. vydání
Materias:
Etiquetas: Agregar Etiqueta
Sin Etiquetas, Sea el primero en etiquetar este registro!

MARC

LEADER 00000nam a2200000 4500
001 0296848
005 20240416114212.8
020 |a 978-80-87673-35-5 
041 0 |a cze 
044 |a CZ 
245 1 0 |a Investiční legendy  |b lekce investování od špičkových fond manažerů  |c Ronald W. Chan 
250 |a 1. vydání 
264 1 |a Tetčice  |b Impossible  |c 2022 
300 |a 312 s. 
610 2 0 |a investovanie 
610 2 0 |a investície 
610 2 0 |a fondy investičné 
610 2 0 |a riziko investičné 
610 2 0 |a dejiny myslenia ekonomického 
100 1 |a Chan, Ronald W.